000 00468nam a2200181Ia 4500
008 230524s9999 xx 000 0 und d
020 _a817808046x
082 _a5.453
_bAHO
100 _aAlfred V. Aho
245 0 _a"Compilers: Principles, Techniques & Tools"
250 _a2ND
260 _aNEW DELHI
_bPearson
_c2000
300 _aVIII;693
500 _aQuantity Number: 115
650 _aComp-Sc
700 _a"Ravi Sethi , Jeffrey D.Ullman,,,"
942 _cBK
999 _c5362
_d5362